Fr. Conceicao Rodrigues College of Engineering

IIT Mathematics (Record no. 18680)

MARC details
000 -LEADER
fixed length control field 00260nam a2200133Ia 4500
082 ## - DEWEY DECIMAL CLASSIFICATION NUMBER
Classification number 519
Item number KHA
100 ## - MAIN ENTRY--PERSONAL NAME
Personal name Khanna/M.L
245 ## - TITLE STATEMENT
Title IIT Mathematics
260 ## - PUBLICATION, DISTRIBUTION, ETC.
Name of publisher, distributor, etc. Jai prakash
Place of publication, distribution, etc. Meerut
300 ## - PHYSICAL DESCRIPTION
Extent 1094
546 ## - LANGUAGE NOTE
Language note ENGLISH
654 ## - SUBJECT ADDED ENTRY--FACETED TOPICAL TERMS
Focus term iit
942 ## - ADDED ENTRY ELEMENTS (KOHA)
Koha item type BOOK
Holdings
Withdrawn status Lost status Damaged status Not for loan Collection Home library Current library Shelving location Date acquired Total Checkouts Full call number Barcode Date last seen Price effective from Koha item type
        ITI Fr. Agnel's C.Rodrigues College of Engineering Fr. Agnel's C.Rodrigues College of Engineering   17/03/2023   519 KHA ITI460 17/03/2023 17/03/2023 BOOK